[Event "Heusenstamm Sparkassen op-B 7th"]
[Site "Heusenstamm"]
[Date "2021.11.18"]
[Round "1.31"]
[White "Bergner, Matthias"]
[Black "Barth, Horst"]
[Result "1-0"]
[WhiteElo "1632"]
[BlackElo "1320"]
[PlyCount "63"]
[EventDate "2021.11.18"]
[EventType "swiss"]
[EventRounds "7"]
[EventCountry "GER"]
[SourceTitle "EXT 2023"]
[Source "ChessBase"]
[SourceDate "2022.10.05"]
[SourceVersion "1"]
[SourceVersionDate "2022.10.05"]
[SourceQuality "1"]

1. d4 Nf6 2. Nf3 e6 3. e3 a6 4. g3 g6 5. Bg2 Bg7 6. 0-0 0-0 7. c4 c6 8. Nc3 d5 9. c5 Re8 10. Ne5 Nfd7 11. f4 f6 12. Nxd7 Nxd7 13. Qf3 f5 14. b4 Nf6 15. Bb2 Ne4 16. Nxe4 dxe4 17. Qe2 a5 18. a3 b6 19. Rfd1 Ba6 20. Qd2 Qd5 21. cxb6 a4 22. Rdc1 Bb5 23. Rc5 Qd6 24. Rac1 Rac8 25. Bf1 Qd7 26. Bxb5 cxb5 27. Rc7 Rxc7 28. Rxc7 Qd8 29. d5 Re7 30. Rxe7 Qxe7 31. d6 Bxb2 32. dxe7 1-0

[Event "Frankfurt-chA"]
[Site "Frankfurt"]
[Date "2016.05.23"]
[Round "4"]
[White "Weiland, Thomas"]
[Black "Bergner, Matthias"]
[Result "1/2-1/2"]
[WhiteElo "1673"]
[BlackElo "1571"]
[PlyCount "102"]
[EventDate "2016.04.25"]
[EventType "swiss"]
[EventRounds "9"]
[EventCountry "GER"]
[SourceTitle "EXT 2018"]
[Source "ChessBase"]
[SourceDate "2017.10.13"]
[SourceVersion "1"]
[SourceVersionDate "2017.10.13"]
[SourceQuality "1"]

1. e4 e6 2. d4 d5 3. Nc3 dxe4 4. Nxe4 Be7 5. Nf3 Nf6 6. Bd3 Nc6 7. c3 b6 8. 0-0 0-0 9. Re1 g6 10. Bh6 Re8 11. Nxf6+ Bxf6 12. Be4 Bb7 13. Qa4 Na5 14. Bxb7 Nxb7 15. Rad1 Nd6 16. Ne5 b5 17. Qc2 Nf5 18. Bc1 Qd5 19. b3 Rad8 20. Ng4 Bg7 21. Ne3 Nxe3 22. Bxe3 c6 23. Qc1 Qf5 24. Bh6 Bxh6 25. Qxh6 Qf6 26. Qe3 Rd5 27. c4 bxc4 28. bxc4 Ra5 29. Qd2 Qd8 30. Rb1 Qc7 31. Rb3 Rh5 32. g3 Rd8 33. Qc3 c5 34. Rd1 cxd4 35. Rxd4 Rxd4 36. Qxd4 Rc5 37. Rb4 e5 38. Qe4 Kg7 39. h4 Qa5 40. Qb1 Qc7 41. Qb3 a5 42. Ra4 Qd6 43. Qc2 Qd4 44. Qb3 Qa1+ 45. Kg2 Qd4 46. Qc2 h6 47. Qb3 Qe4+ 48. Qf3 Qd4 49. Qb3 h5 50. Qc2 Kg8 51. Qb3 Kg7 1/2-1/2

[Event "Frankfurt-chA"]
[Site "Frankfurt"]
[Date "2015.05.11"]
[Round "3"]
[White "Weiland, Thomas"]
[Black "Bergner, Matthias"]
[Result "1/2-1/2"]
[WhiteElo "1756"]
[BlackElo "1558"]
[PlyCount "76"]
[EventDate "2015.04.27"]
[EventType "swiss"]
[EventRounds "7"]
[EventCountry "GER"]
[SourceTitle "EXT 2016"]
[Source "ChessBase"]
[SourceDate "2015.10.08"]
[SourceVersion "1"]
[SourceVersionDate "2015.10.08"]
[SourceQuality "1"]

1. e4 e6 2. d4 d5 3. exd5 exd5 4. Nf3 Nf6 5. Bg5 Be7 6. Bd3 Bg4 7. h3 Bh5 8. Nbd2 Nc6 9. c3 Qd6 10. Qc2 Bg6 11. Bxg6 hxg6 12. 0-0-0 0-0-0 13. Rde1 Rde8 14. Re2 Nd7 15. Bxe7 Rxe7 16. Rxe7 Qxe7 17. Re1 Qd8 18. Qb3 Nf6 19. Ne5 Nxe5 20. Rxe5 Re8 21. Nf3 Rxe5 22. Nxe5 Qe7 23. Qd1 Kd8 24. f4 Nd7 25. g4 Nxe5 26. dxe5 Qc5 27. Qd2 c6 28. b3 Qg1+ 29. Kb2 Qg3 30. c4 Qf3 31. cxd5 cxd5 32. Qa5+ b6 33. Qxa7 Qf2+ 34. Kb1 Qe1+ 35. Kc2 Qe2+ 36. Kc3 Qe1+ 37. Kb2 Qd2+ 38. Kb1 Qd1+ 1/2-1/2

[Event "Frankfurt-chA"]
[Site "Frankfurt"]
[Date "2013.05.27"]
[Round "4"]
[White "Bergner, Matthias"]
[Black "Weiland, Thomas"]
[Result "0-1"]
[WhiteElo "1574"]
[BlackElo "2015"]
[PlyCount "64"]
[EventDate "2013.04.29"]
[EventType "swiss"]
[EventRounds "7"]
[EventCountry "GER"]
[SourceTitle "EXT 2014"]
[Source "ChessBase"]
[SourceDate "2013.11.20"]
[SourceVersion "1"]
[SourceVersionDate "2013.11.20"]
[SourceQuality "1"]

1. d4 f5 2. e3 Nf6 3. Bd3 e6 4. f4 Be7 5. Nf3 b6 6. 0-0 Bb7 7. Nbd2 Nc6 8. a3 a5 9. Ne5 0-0 10. Ndf3 Nxe5 11. dxe5 Ne4 12. Bxe4 Bxe4 13. Nd2 Bb7 14. b3 Bc5 15. Nf3 Kh8 16. Re1 Qe8 17. Bb2 Rd8 18. Qe2 Qh5 19. Nd4 Qg6 20. c3 Ra8 21. b4 axb4 22. axb4 Be7 23. Rxa8 Rxa8 24. Ra1 Rxa1+ 25. Bxa1 c5 26. bxc5 Bxc5 27. g3 Qe8 28. Qa2 Qc8 29. Qa4 h6 30. Bb2 Ba8 31. Qc2 Qb7 32. Kf2 Bxd4 0-1

[Event "Frankfurt-chA"]
[Site "Frankfurt"]
[Date "2012.06.11"]
[Round "6"]
[White "Guenther, Rainer"]
[Black "Bergner, Matthias"]
[Result "1/2-1/2"]
[WhiteElo "1603"]
[BlackElo "1514"]
[PlyCount "158"]
[EventDate "2012.04.30"]
[EventType "swiss"]
[EventRounds "7"]
[EventCountry "GER"]
[SourceTitle "EXT 2013"]
[Source "ChessBase"]
[SourceDate "2012.11.22"]
[SourceVersion "1"]
[SourceVersionDate "2012.11.22"]
[SourceQuality "1"]

1. e4 e6 2. d4 d5 3. e5 c5 4. c3 Nc6 5. Nf3 f5 6. Be2 cxd4 7. cxd4 Bb4+ 8. Nc3 Nge7 9. 0-0 0-0 10. a3 Ba5 11. b4 Bc7 12. Qd3 Bd7 13. Ng5 Qe8 14. Nb5 Bb8 15. Rd1 a6 16. Nc3 h6 17. Nf3 Qg6 18. Nh4 Qh7 19. Qg3 g5 20. Nf3 Qg6 21. Ne1 Ba7 22. Nc2 Rac8 23. a4 f4 24. Qd3 Qxd3 25. Rxd3 Nf5 26. b5 Ncxd4 27. Nxd4 Bxd4 28. Bb2 Bxe5 29. Rc1 axb5 30. Ba3 Bd6 31. Bxd6 Nxd6 32. Rb1 bxa4 33. Na2 b5 34. Nb4 Kg7 35. Bg4 Kf6 36. Nxd5+ Kg7 37. Nb6 Be8 38. Nxc8 Nxc8 39. Rd8 Bg6 40. Rxf8 Kxf8 41. Rxb5 Ke7 42. Bd1 Be8 43. Ra5 Nd6 44. Bxa4 Bxa4 45. Rxa4 Kf6 46. f3 h5 47. Kf2 Nf5 48. g3 fxg3+ 49. hxg3 Ke5 50. Re4+ Kf6 51. Ra4 h4 52. gxh4 Nxh4 53. Kg3 Nf5+ 54. Kg4 Ne3+ 55. Kh5 Nd5 56. Rg4 Nf4+ 57. Kh6 Nd5 58. Rxg5 Ne3 59. Ra5 e5 60. Kh5 Kf5 61. Ra4 Nd5 62. Kh4 Nf6 63. Kg3 Nh5+ 64. Kf2 Nf4 65. Ke3 Nd5+ 66. Kd3 Nf6 67. Rb4 Nd5 68. Rb5 Nf6 69. Ke3 Ke6 70. Ra5 Nd5+ 71. Kd2 Nf6 72. Kd3 Kf5 73. Ke3 Ke6 74. f4 exf4+ 75. Kxf4 Nd5+ 76. Ke4 Nf6+ 77. Kd4 Nd7 78. Ra6+ Kf5 79. Ke3 Nc5 1/2-1/2